LEADER 01529nam 2200373Ia 450 001 996386497203316 005 20200824132501.0 035 $a(CKB)4940000000078241 035 $a(EEBO)2248579686 035 $a(OCoLC)ocm12639384e 035 $a(OCoLC)12639384 035 $a(EXLCZ)994940000000078241 100 $a19851007d1664 uy | 101 0 $aeng 135 $aurbn||||a|bb| 200 14$aThe Quakers unmasked, and clearly detected to be but the spawn of Romish frogs, Jesuites, and Franciscan fryers, sent from Rome to seduce the intoxicated giddy-headed English nation$b[electronic resource] $eby an information taken upon oath in the city of Bristol, January 22, and some evident demonstrations /$fby William Prynne .. 205 $aThe second edition enlarged. 210 $aLondon $cPrinted for Edward Thomas ...$d1664 215 $a[2], 38 p 300 $aReproduction of original in Huntington Library. 330 $aeebo-0113 606 $aSociety of Friends$zEngland 606 $aSociety of Friends$vControversial literature 615 0$aSociety of Friends 615 0$aSociety of Friends 700 $aPrynne$b William$f1600-1669.$0198500 801 0$bEAA 801 1$bEAA 801 2$bm/c 801 2$bWaOLN 906 $aBOOK 912 $a996386497203316 996 $aThe Quakers unmasked, and clearly detected to be but the spawn of Romish frogs, Jesuites, and Franciscan fryers; sent from Rome to seduce the intoxicated giddy-headed English nation$92309836 997 $aUNISA